Statistiques concernant Pays par les deux premières lettres en 90 secondes

Cliquez ici pour prendre le quiz!

Statistiques générales

  • Ce quiz a été pris 493 287 fois
  • Le résultat moyen est 96 sur 196

Réponses sur la Carte

Les réponses sont colorées sur une échelle allant du rouge au vert en fonction du pourcentage des utilisateurs qui les ont devinées à leur premier essai. Vous pouvez retrouver ces pourcentages ci-dessous.
Chargement ...
 

Statistiques - réponses

Pays% Correct
France
94%
Cameroun
92%
Canada
92%
Cambodge
92%
Cap-Vert
92%
Éthiopie
90%
Etats-Unis
90%
Chine
89%
Chili
89%
Chypre
89%
Allemagne
88%
Algérie
88%
Albanie
88%
Russie
87%
Estonie
85%
Espagne
85%
Brunei
84%
Brésil
84%
Mauritanie
83%
Macédoine du Nord
83%
Madagascar
83%
Maroc
83%
Malte
83%
Malawi
83%
Mali
83%
Maldives
83%
Malaisie
83%
Portugal
81%
Arménie
81%
Pologne
81%
Argentine
81%
Australie
81%
Autriche
81%
Arabie Saoudite
81%
Mexique
81%
République du Congo
80%
République démocratique
du Congo
80%
Île Maurice
79%
Corée du Nord
75%
Suriname
75%
Suède
75%
Corée du Sud
75%
Colombie
75%
Comores
75%
Costa Rica
75%
Côte d'Ivoire
75%
Suisse
75%
Indonésie
72%
Inde
72%
Papouasie-Nouvelle-
Guinée
70%
Pays-Bas
70%
Nouvelle-Zélande
70%
Norvège
70%
Pakistan
70%
Palaos
70%
Panama
70%
Paraguay
70%
Iran
68%
Irak
68%
Irlande
68%
Eswatini
66%
Afrique du Sud
65%
Afghanistan
65%
Monaco
64%
Mozambique
64%
Monténégro
64%
Mongolie
64%
Moldavie
64%
Liechtenstein
63%
Lituanie
63%
Liberia
63%
Liban
63%
Libye
63%
Fidji
62%
Tunisie
62%
Finlande
62%
Tuvalu
62%
Turkménistan
62%
Turquie
62%
Royaume-Uni
62%
Roumanie
62%
Italie
60%
Japon
57%
Jamaïque
57%
Belgique
55%
Israël
55%
Belize
55%
Bénin
55%
Islande
55%
Soudan du Sud
55%
Andorre
54%
Danemark
54%
Antigua-et-Barbuda
54%
Angola
54%
Pérou
52%
Bosnie-Herzégovine
52%
Bolivie
52%
Botswana
52%
Égypte
48%
Guyana
42%
Guinée-Bissau
42%
Guinée
42%
Guatemala
42%
Guinée équatoriale
42%
Nigeria
41%
Niger
41%
Nicaragua
41%
Kazakhstan
41%
Uruguay
40%
Venezuela
39%
Somalie
39%
Birmanie
39%
République
Centrafricaine
39%
Soudan
39%
Lesotho
37%
Lettonie
37%
Biélorussie
37%
Grenade
36%
Grèce
36%
Ukraine
36%
Îles Marshall
35%
Cuba
34%
Équateur
32%
Tadjikistan
30%
Taïwan
30%
Salomon
30%
Bahamas
30%
Sénégal
30%
Seychelles
30%
Tanzanie
30%
Barbade
30%
Serbie
30%
Bangladesh
30%
Bahreïn
30%
République dominicaine
30%
République tchèque
30%
Honduras
29%
Sainte-Lucie
29%
Hongrie
29%
Salvador
29%
Saint-Marin
29%
Samoa
29%
Saint-Vincent-et-les-
Grenadines
29%
Sao Tomé-et-Principe
29%
Saint-Christophe-
et-Niévès
29%
Nauru
28%
Namibie
28%
Burundi
27%
Bulgarie
27%
Burkina Faso
27%
Laos
25%
Thaïlande
24%
Yémen
23%
Ouzbékistan
23%
Ouganda
23%
Tchad
23%
Viêt Nam
22%
Oman
21%
Kirghizistan
21%
Kiribati
21%
Népal
21%
Luxembourg
20%
Togo
20%
Tonga
20%
Haïti
18%
Gambie
18%
Gabon
18%
Sierra Leone
17%
Zambie
17%
Philippines
17%
Singapour
17%
Azerbaïdjan
17%
Syrie
16%
Kenya
16%
Micronésie
16%
Zimbabwe
16%
Slovaquie
15%
Croatie
15%
Vatican
15%
Vanuatu
15%
Slovénie
15%
Kosovo
14%
Ghana
14%
Koweït
14%
Érythrée
14%
Émirats arabes unis
14%
Sri Lanka
13%
Géorgie
11%
Qatar
11%
Jordanie
11%
Dominique
10%
Bhoutan
9%
Timor oriental
9%
Rwanda
8%
Djibouti
7%
Trinité-et-Tobago
7%

Distribution des résultats

Percentile par nombre de réponses

% des personnes avec chaque résultat

Votre développement - résultats

Vous n’avez pas pris ce quiz